000 00427nam a2200145Ia 4500
008 240729s9999 xx 000 0 und d
022 _a2537-0928
245 0 _aJournal of Medicine in Scientific Research
260 _aEgypt
260 _bGeneral Organization of Teaching Hospitals and Institutes
650 _aMedicine
856 _uhttps://doaj.org/toc/203a2b8b73354a7f93eec6bb9e6bc9c9
942 _2ddc
942 _cDOAJEJ
999 _c73548
_d73548
945 _a1
_bMadushi Gamage
_c1
_dMadushi Gamage